<?xml version="1.0" encoding="UTF-8"?>
<collection xmlns="http://www.loc.gov/MARC21/slim">
<record>
  <controlfield tag="001">158877</controlfield>
  <controlfield tag="005">20250520134713.0</controlfield>
  <datafield tag="037" ind1=" " ind2=" ">
    <subfield code="a">GDOC-2024-29970</subfield>
  </datafield>
  <datafield tag="970" ind1=" " ind2=" ">
    <subfield code="a">GDOC-2024-29970</subfield>
  </datafield>
  <datafield tag="041" ind1=" " ind2=" ">
    <subfield code="a">spa</subfield>
  </datafield>
  <datafield tag="041" ind1=" " ind2=" ">
    <subfield code="a">eng</subfield>
  </datafield>
  <datafield tag="540" ind1=" " ind2=" ">
    <subfield code="a">by-nc-sa</subfield>
    <subfield code="b">Creative Commons</subfield>
    <subfield code="c">3.0</subfield>
    <subfield code="u">http://creativecommons.org/licenses/by-nc-sa/3.0/</subfield>
  </datafield>
  <datafield tag="260" ind1=" " ind2=" ">
    <subfield code="a">Zaragoza</subfield>
    <subfield code="b">Universidad de Zaragoza</subfield>
    <subfield code="c">2024-2025</subfield>
  </datafield>
  <datafield tag="245" ind1="0" ind2="0">
    <subfield code="9">29970</subfield>
    <subfield code="a">Historia de la tecnología y de la
construcción arquitectónica</subfield>
  </datafield>
  <datafield tag="242" ind1="0" ind2="0">
    <subfield code="9">29970</subfield>
    <subfield code="a">History of technology and architectural
construction</subfield>
  </datafield>
  <datafield tag="100" ind1=" " ind2=" ">
    <subfield code="0">(orcid)0000-0001-9455-0414</subfield>
    <subfield code="a">Carlos Beltrán, Velamazán</subfield>
    <subfield code="1">666212</subfield>
  </datafield>
  <datafield tag="700" ind1=" " ind2=" ">
    <subfield code="0">(orcid)0000-0001-9455-0414</subfield>
    <subfield code="a">Carlos Beltrán, Velamazán</subfield>
    <subfield code="1">666212</subfield>
  </datafield>
  <datafield tag="700" ind1=" " ind2=" ">
    <subfield code="0">(orcid)0000-0001-9455-0414</subfield>
    <subfield code="a">Carlos Beltrán, Velamazán</subfield>
    <subfield code="1">666212</subfield>
  </datafield>
  <datafield tag="700" ind1=" " ind2=" ">
    <subfield code="0">(orcid)0000-0001-9455-0414</subfield>
    <subfield code="a">Carlos Beltrán, Velamazán</subfield>
    <subfield code="1">666212</subfield>
  </datafield>
  <datafield tag="700" ind1=" " ind2=" ">
    <subfield code="0">(orcid)0000-0001-9455-0414</subfield>
    <subfield code="a">Carlos Beltrán, Velamazán</subfield>
    <subfield code="1">666212</subfield>
  </datafield>
  <datafield tag="700" ind1=" " ind2=" ">
    <subfield code="0">(orcid)0000-0001-9455-0414</subfield>
    <subfield code="a">Carlos Beltrán, Velamazán</subfield>
    <subfield code="1">666212</subfield>
  </datafield>
  <datafield tag="700" ind1=" " ind2=" ">
    <subfield code="0">(orcid)0000-0001-9455-0414</subfield>
    <subfield code="a">Carlos Beltrán, Velamazán</subfield>
    <subfield code="1">666212</subfield>
  </datafield>
  <datafield tag="700" ind1=" " ind2=" ">
    <subfield code="0">(orcid)0000-0001-9455-0414</subfield>
    <subfield code="a">Carlos Beltrán, Velamazán</subfield>
    <subfield code="1">666212</subfield>
  </datafield>
  <datafield tag="700" ind1=" " ind2=" ">
    <subfield code="0">(orcid)0000-0001-9455-0414</subfield>
    <subfield code="a">Carlos Beltrán, Velamazán</subfield>
    <subfield code="1">666212</subfield>
  </datafield>
  <datafield tag="700" ind1=" " ind2=" ">
    <subfield code="0">(orcid)0000-0003-1458-7685</subfield>
    <subfield code="a">María Belinda López, Mesa</subfield>
    <subfield code="1">391067</subfield>
  </datafield>
  <datafield tag="700" ind1=" " ind2=" ">
    <subfield code="0">(orcid)0000-0003-1458-7685</subfield>
    <subfield code="a">María Belinda López, Mesa</subfield>
    <subfield code="1">391067</subfield>
  </datafield>
  <datafield tag="700" ind1=" " ind2=" ">
    <subfield code="0">(orcid)0000-0003-1458-7685</subfield>
    <subfield code="a">María Belinda López, Mesa</subfield>
    <subfield code="1">391067</subfield>
  </datafield>
  <datafield tag="700" ind1=" " ind2=" ">
    <subfield code="0">(orcid)0000-0003-1458-7685</subfield>
    <subfield code="a">María Belinda López, Mesa</subfield>
    <subfield code="1">391067</subfield>
  </datafield>
  <datafield tag="700" ind1=" " ind2=" ">
    <subfield code="0">(orcid)0000-0003-1458-7685</subfield>
    <subfield code="a">María Belinda López, Mesa</subfield>
    <subfield code="1">391067</subfield>
  </datafield>
  <datafield tag="700" ind1=" " ind2=" ">
    <subfield code="0">(orcid)0000-0003-1458-7685</subfield>
    <subfield code="a">María Belinda López, Mesa</subfield>
    <subfield code="1">391067</subfield>
  </datafield>
  <datafield tag="700" ind1=" " ind2=" ">
    <subfield code="0">(orcid)0000-0003-1458-7685</subfield>
    <subfield code="a">María Belinda López, Mesa</subfield>
    <subfield code="1">391067</subfield>
  </datafield>
  <datafield tag="700" ind1=" " ind2=" ">
    <subfield code="0">(orcid)0000-0003-1458-7685</subfield>
    <subfield code="a">María Belinda López, Mesa</subfield>
    <subfield code="1">391067</subfield>
  </datafield>
  <datafield tag="700" ind1=" " ind2=" ">
    <subfield code="0">(orcid)0000-0003-1458-7685</subfield>
    <subfield code="a">María Belinda López, Mesa</subfield>
    <subfield code="1">391067</subfield>
  </datafield>
  <datafield tag="700" ind1=" " ind2=" ">
    <subfield code="0">(orcid)0000-0002-2621-9428</subfield>
    <subfield code="a">María Angeles Velamazán, Gimeno</subfield>
    <subfield code="1">120686</subfield>
  </datafield>
  <datafield tag="700" ind1=" " ind2=" ">
    <subfield code="0">(orcid)0000-0002-2621-9428</subfield>
    <subfield code="a">María Angeles Velamazán, Gimeno</subfield>
    <subfield code="1">120686</subfield>
  </datafield>
  <datafield tag="700" ind1=" " ind2=" ">
    <subfield code="0">(orcid)0000-0002-2621-9428</subfield>
    <subfield code="a">María Angeles Velamazán, Gimeno</subfield>
    <subfield code="1">120686</subfield>
  </datafield>
  <datafield tag="700" ind1=" " ind2=" ">
    <subfield code="0">(orcid)0000-0002-2621-9428</subfield>
    <subfield code="a">María Angeles Velamazán, Gimeno</subfield>
    <subfield code="1">120686</subfield>
  </datafield>
  <datafield tag="700" ind1=" " ind2=" ">
    <subfield code="0">(orcid)0000-0002-2621-9428</subfield>
    <subfield code="a">María Angeles Velamazán, Gimeno</subfield>
    <subfield code="1">120686</subfield>
  </datafield>
  <datafield tag="700" ind1=" " ind2=" ">
    <subfield code="0">(orcid)0000-0002-2621-9428</subfield>
    <subfield code="a">María Angeles Velamazán, Gimeno</subfield>
    <subfield code="1">120686</subfield>
  </datafield>
  <datafield tag="700" ind1=" " ind2=" ">
    <subfield code="0">(orcid)0000-0002-2621-9428</subfield>
    <subfield code="a">María Angeles Velamazán, Gimeno</subfield>
    <subfield code="1">120686</subfield>
  </datafield>
  <datafield tag="700" ind1=" " ind2=" ">
    <subfield code="0">(orcid)0000-0002-2621-9428</subfield>
    <subfield code="a">María Angeles Velamazán, Gimeno</subfield>
    <subfield code="1">120686</subfield>
  </datafield>
  <datafield tag="700" ind1=" " ind2=" ">
    <subfield code="0">(orcid)0000-0002-2621-9428</subfield>
    <subfield code="a">María Angeles Velamazán, Gimeno</subfield>
    <subfield code="1">120686</subfield>
  </datafield>
  <datafield tag="830" ind1=" " ind2=" ">
    <subfield code="9">581</subfield>
  </datafield>
  <datafield tag="830" ind1=" " ind2=" ">
    <subfield code="9">558</subfield>
  </datafield>
  <datafield tag="830" ind1=" " ind2=" ">
    <subfield code="9">434</subfield>
  </datafield>
  <datafield tag="830" ind1=" " ind2=" ">
    <subfield code="9">435</subfield>
  </datafield>
  <datafield tag="830" ind1=" " ind2=" ">
    <subfield code="9">436</subfield>
  </datafield>
  <datafield tag="830" ind1=" " ind2=" ">
    <subfield code="9">430</subfield>
  </datafield>
  <datafield tag="830" ind1=" " ind2=" ">
    <subfield code="9">470</subfield>
  </datafield>
  <datafield tag="830" ind1=" " ind2=" ">
    <subfield code="9">439</subfield>
  </datafield>
  <datafield tag="830" ind1=" " ind2=" ">
    <subfield code="9">440</subfield>
  </datafield>
  <datafield tag="856" ind1="4" ind2=" ">
    <subfield code="s">8192</subfield>
    <subfield code="u">http://zaguan.unizar.es/record/158877/files/guia-29970-en.pdf</subfield>
    <subfield code="y">Guide (english)</subfield>
  </datafield>
  <datafield tag="856" ind1="4" ind2=" ">
    <subfield code="s">8382</subfield>
    <subfield code="u">http://zaguan.unizar.es/record/158877/files/guia-29970-es.pdf</subfield>
    <subfield code="y">Guía (idioma español)</subfield>
  </datafield>
  <datafield tag="521" ind1=" " ind2=" ">
    <subfield code="9">111</subfield>
    <subfield code="a">Grado en Ingeniería en Diseño Industrial y Desarrollo de Producto</subfield>
    <subfield code="b">Bachelor's Degree in Industrial Design and Product Development Engineering</subfield>
  </datafield>
  <datafield tag="521" ind1=" " ind2=" ">
    <subfield code="9">144</subfield>
    <subfield code="a">Grado en Ingeniería de Tecnologías Industriales</subfield>
    <subfield code="b">Bachelor's Degree in Industrial Engineering Technology</subfield>
  </datafield>
  <datafield tag="521" ind1=" " ind2=" ">
    <subfield code="9">145</subfield>
    <subfield code="a">Grado en Ingeniería de Tecnologías de Telecomunicación</subfield>
    <subfield code="b">Degree in Telecommunications Technology Engineering</subfield>
  </datafield>
  <datafield tag="521" ind1=" " ind2=" ">
    <subfield code="9">146</subfield>
    <subfield code="a">Grado en Ingeniería Eléctrica</subfield>
    <subfield code="b">Bachelor's Degree in Electrical Engineering</subfield>
  </datafield>
  <datafield tag="521" ind1=" " ind2=" ">
    <subfield code="9">147</subfield>
    <subfield code="a">Grado en Ingeniería Electrónica y Automática</subfield>
    <subfield code="b">Bachelor Degree in Electronics and Automation Engineering</subfield>
  </datafield>
  <datafield tag="521" ind1=" " ind2=" ">
    <subfield code="9">148</subfield>
    <subfield code="a">Grado en Ingeniería Informática</subfield>
    <subfield code="b">Bachelor's Degree in Informatics Engineering</subfield>
  </datafield>
  <datafield tag="521" ind1=" " ind2=" ">
    <subfield code="9">149</subfield>
    <subfield code="a">Grado en Ingeniería Mecánica</subfield>
    <subfield code="b">Bachelor Degree in Mechanical Engineering</subfield>
  </datafield>
  <datafield tag="521" ind1=" " ind2=" ">
    <subfield code="9">151</subfield>
    <subfield code="a">Grado en Ingeniería Química</subfield>
    <subfield code="b">Bachelor Degree in Chemical Engineering</subfield>
  </datafield>
  <datafield tag="521" ind1=" " ind2=" ">
    <subfield code="9">157</subfield>
    <subfield code="a">Grado en Estudios en Arquitectura</subfield>
    <subfield code="b">Bachelor's Degree in Architecture Studies</subfield>
  </datafield>
  <datafield tag="980" ind1=" " ind2=" ">
    <subfield code="a">GDOC</subfield>
    <subfield code="b">Engineering and Architecture</subfield>
    <subfield code="b">Ingeniería y Arquitectura</subfield>
    <subfield code="c">110</subfield>
  </datafield>
</record>
</collection>